Loading...
| Science - Other Science | 0 | 4 | 0 | 1 | 40 | 81 | 114.00 | 4 | 4 |
| History - American History | 0 | 3 | 0 | 1 | 30 | 69 | 98.00 | 2 | 3 |
| Science - Biology | 0 | 3 | 1 | 1 | 25 | 98 | 115.67 | 1 | 3 |
| Social Science | 0 | 2 | 1 | 0 | 15 | 91 | 97.00 | 1 | 2 |
| Philosophy | 1 | 0 | 0 | 0 | 15 | 53 | 53.00 | 1 | 1 |
| Literature - Short Fiction | 0 | 1 | 0 | 0 | 10 | 125 | 125.00 | 1 | 1 |
| Science - Math | 0 | 1 | 0 | 0 | 10 | 111 | 111.00 | 1 | 1 |
| Science - Chemistry | 0 | 1 | 0 | 1 | 10 | 126 | 126.00 | 1 | 1 |
| Other Academic | 0 | 1 | 0 | 0 | 10 | 99 | 99.00 | 1 | 1 |
| Science - Physics | 0 | 1 | 1 | 0 | 5 | 81 | 81.00 | 0 | 1 |
| History - World History | 0 | 0 | 1 | 0 | -5 | 0.00 | 0 | 0 | |
| Mythology | 0 | 0 | 1 | 0 | -5 | 0.00 | 0 | 0 |